|
|
|
|
| LEADER |
00000nam0a2200000 4500 |
| 001 |
105054 |
| 005 |
20231031114300.0 |
| 035 |
|
|
|a (RuTPU)RU\TPU\book\113310
|
| 090 |
|
|
|a 105054
|
| 100 |
|
|
|a 20061111d1981 km y0rusy50 ca
|
| 101 |
1 |
|
|a rus
|c eng
|
| 102 |
|
|
|a RU
|
| 105 |
|
|
|a a z 001zy
|
| 200 |
1 |
|
|a Петрология метаморфических пород
|f Р. Мейсон
|g пер. М. А. Богомолов; пер. В. С. Знаменский; под ред. В. П. Петрова
|
| 210 |
|
|
|a Москва
|c Мир
|d 1981
|
| 215 |
|
|
|a 264 с.
|c ил.
|
| 320 |
|
|
|a Библиогр.: с. 248-253.
|
| 610 |
1 |
|
|a петрология
|
| 610 |
1 |
|
|a метаморфические породы
|
| 610 |
1 |
|
|a химизм
|
| 610 |
1 |
|
|a минеральные ассоциации
|
| 610 |
1 |
|
|a минеральное равновесие
|
| 675 |
|
|
|a 552.4
|v 3
|
| 700 |
|
1 |
|a Мейсон
|b Р.
|g Роджер
|
| 702 |
|
1 |
|a Богомолов
|b М. А.
|4 730
|
| 702 |
|
1 |
|a Знаменский
|b В. С.
|4 730
|
| 702 |
|
1 |
|a Петров
|b В. П.
|4 340
|
| 801 |
|
1 |
|a RU
|b 63413507
|c 20061111
|g PSBO
|
| 801 |
|
2 |
|a RU
|b 63413507
|c 20160729
|g PSBO
|
| 942 |
|
|
|c BK
|